| 000 | 00635cam a2200217 4500 | ||
|---|---|---|---|
| 001 | D2308 | ||
| 008 | 090401t1978 xxu||||| |||| 00| 0 eng d | ||
| 035 | _a(Sirsi) u68537 | ||
| 041 | _aeng | ||
| 050 | _a333.73 | ||
| 100 | _aCharles, J. A. | ||
| 245 | _aTreatment and subsequent performance of cohesive fill left by opencast ironstone mining at Snatchill experimental housing site, Corby | ||
| 260 |
_aGarston, Watford _bBuilding Research Establishment _c1978 |
||
| 300 | _a14p. 30cm | ||
| 350 | _a0 | ||
| 490 |
_aCurrent Paper _v79/78 |
||
| 700 | _aEarle, E.W. | ||
| 700 | _aBurford, D. | ||
| 942 | _n0 | ||
| 948 | _c04/03/1997 | ||
| 999 |
_c95120 _d95120 |
||